00286nam a2200109Ia 4500008004100000041000800041082001400049100002100063245002400084260003800108300003000146240624s9999 xx 000 0 und d aeng a658.5 NAK aNAKAJIMA SEIICHE aINTRODUCTION TO TPM aMassachusettsbProductivity Press axx, : 129 : p. : cm. ; 18